The practical builder's perpetual price-book (Record no. 114214)

MARC details
000 -LEADER
fixed length control field 01215cam a22001815a 4500
001 - CONTROL NUMBER
control field L156368
008 - FIXED-LENGTH DATA ELEMENTS--GENERAL INFORMATION
fixed length control field 120515s1828 xxk f 000 0 eng d
035 ## - SYSTEM CONTROL NUMBER
System control number (Sirsi) u156368
041 0# - LANGUAGE CODE
Language code of text/sound track or separate title eng
100 1# - MAIN ENTRY--PERSONAL NAME
Personal name Elsam, Richard
245 04 - TITLE STATEMENT
Title The practical builder's perpetual price-book
Remainder of title elucidating the principles of ascertaining the correct average value of the different artificer's works usually employed in building; with cursory observations on the customs of measuring in the various parts of the United Kingdom, in reference to the recent act for establishing uniformity in weights and measures
Statement of responsibility, etc. By Richard Elsam, Esq., architect and surveyor, assisted by the most eminent professors in the art of building. To which is attached, an appendix, comprehending the substance of every clause in the building act; with information of the utmost importance to the practical builder, not only in the metropolis, but in every part of Great Britain and Ireland
260 ## - PUBLICATION, DISTRIBUTION, ETC.
Place of publication, distribution, etc. London
Name of publisher, distributor, etc. Printed for T. Kelly by J. Rider
Date of publication, distribution, etc. 1828
300 ## - PHYSICAL DESCRIPTION
Extent x, 180 p.
Other physical details plans
Dimensions 25 cm.
583 ## - ACTION NOTE
Action Condition reviewed
Time/date of action 20120620
Status condition level 2
651 #4 - SUBJECT ADDED ENTRY--GEOGRAPHIC NAME
Geographic name Great Britain
Chronological subdivision 1707-
690 ## - LOCAL SUBJECT ADDED ENTRY--TOPICAL TERM (OCLC, RLIN)
Topical term or geographic name as entry element Construction management
9 (RLIN) 6230
942 ## - ADDED ENTRY ELEMENTS (KOHA)
Suppress in OPAC 0
Holdings
Withdrawn status Lost status Damaged status Not for loan Home library Current library Shelving location Date acquired Total Checkouts Full call number Barcode Date last seen Copy number Price effective from Koha item type
        Historic collection Historic collection Historic collection 15/05/2012   PRICE QUARTO 1828 ELSAM 30077894 20/08/2025 1 06/08/2019 Book